| 000 | 00964cam a22002895a 4500 | ||
|---|---|---|---|
| 001 | 18206597 | ||
| 003 | EG-ScBUE | ||
| 005 | 20220308131641.0 | ||
| 008 | 140630s2015 nyu f b 001 0 eng d | ||
| 020 | _a9781107427815 (paperback) | ||
| 040 |
_aDLC _beng _erda _cDLC _dDLC _dEG-ScBUE |
||
| 082 | 0 | 4 |
_a848.91409 _222 _bNEW |
| 245 | 0 | 4 |
_aThe new Cambridge companion to Samuel Beckett / _cedited by Dirk Van Hulle, University of Antwerp. |
| 246 | 3 | 0 | _aSamuel Beckett |
| 264 | 1 |
_aNew York : _bCambridge University Press, _c2015. |
|
| 300 |
_axxxii, 228 pages ; _c24 cm |
||
| 336 |
_2rdacontent _atext _btxt |
||
| 337 |
_2rdamedia _aunmediated _bn |
||
| 338 |
_2rdacarrier _avolume _bnc |
||
| 504 | _aIncludes bibliographical references and index. | ||
| 600 | 1 | 7 |
_aBeckett, Samuel, _d1906-1989 _xCriticism and interpretation. _2BUEsh _936998 |
| 650 | _2BUEsh | ||
| 651 | _2BUEsh | ||
| 653 | _cFebruary2016 | ||
| 700 | 1 |
_aHulle, Dirk van, _eeditor. |
|
| 942 |
_2ddc _cBB |
||
| 999 |
_c21224 _d21196 |
||